| 000 | 01037nam a2200289 a 4500 | ||
|---|---|---|---|
| 001 | 57963 | ||
| 003 | BD-RjUL | ||
| 005 | 20211209080553.0 | ||
| 008 | 161212s1960 enk b 001 0 eng d | ||
| 035 | _a(BD-RjUL)58087 | ||
| 040 |
_aDLC _cYUS _dDLC _dm.c _dEQO _beng |
||
| 041 | _aeng | ||
| 082 |
_a320.540942 _223 _bSEI 1960 |
||
| 100 | 1 |
_aSemmel, Bernard. _9172151 |
|
| 245 | 1 | 0 |
_aImperialism and social reform : _bEnglish social-imperial thought, 1895-1914 / _cBernard Semmel. |
| 260 |
_aLondon : _bG. Allen & Unwin, _c1960. |
||
| 300 |
_a283 p. ; _c21 cm. |
||
| 490 | 1 |
_aStudies in society ; _v5 |
|
| 500 | _a"An expansion and considerable revision of the ... dissertation" submitted in 1955 to Columbia University. | ||
| 504 | _aBibliography: p.[263]-275. | ||
| 650 | 0 |
_aNationalism _zGreat Britain. _9172152 |
|
| 651 | 0 |
_aGreat Britain _xSocial policy. _9172153 |
|
| 651 | 0 |
_aGreat Britain _xForeign relations _y20th century. _9172154 |
|
| 830 | 0 |
_aStudies in society ; _v5 _9172156 |
|
| 942 |
_2ddc _cBK |
||
| 999 |
_c57963 _d57963 |
||